Environment geography (Record no. 3945)

MARC details
000 -LEADER
fixed length control field 00395nam a22001457a 4500
008 - FIXED-LENGTH DATA ELEMENTS--GENERAL INFORMATION
fixed length control field 250623b |||||||| |||| 00| 0 eng d
020 ## - INTERNATIONAL STANDARD BOOK NUMBER
ISBN 9789327275698
100 ## - MAIN ENTRY--AUTHOR
Author Jain Ritu
245 ## - TITLE STATEMENT
Title Environment geography
260 ## - PUBLICATION, DISTRIBUTION, ETC. (IMPRINT)
Place of publication New Delhi
Name of publisher Kalyani publishers
Date of publication 2017
300 ## - COLLATION
Pagination 587p.
Other physical details ill.
650 ## - TRACINGS
Main Subject Human ecology-textbook
Subdivision (1st) Human geography -textbook
942 ## - ADDED ENTRY ELEMENTS (KOHA)
Item type Books
050 ## - LIBRARY OF CONGRESS CALL NUMBER
Classification number GF43
Item number .J35
Holdings
Source of classification or shelving scheme Not for loan Permanent location Current location Date acquired Accession No. Full call number Barcode. Koha item type Copy number
Library of Congress Classification   Samuel Ogbemudia Main Library, University of Abuja Samuel Ogbemudia Main Library, University of Abuja 06/23/2025 2025/65038 GF43.J35 2025-2646 Books  
Library of Congress Classification   Samuel Ogbemudia Main Library, University of Abuja Samuel Ogbemudia Main Library, University of Abuja 04/21/2026 2025/69236 - 37 GE 105.J35 2026-0163 Books 2